000 00433cam a2200145 4500500
005 20260329004744.0
041 _afre
042 _adc
100 1 0 _ade Charentenay, Pierre
_eauthor
245 0 0 _aL'Afrique dans les marges
260 _c2005.
500 _a4
786 0 _nÉtudes | 402 | 2 | 2005-02-01 | p. 149-152 | 0014-1941
856 4 1 _uhttps://shs.cairn.info/revue-etudes-2005-2-page-149?lang=fr&redirect-ssocas=7080
999 _c1836985
_d1836985